Home Print Resources E-Books E-Journals IIMT Lecture Series Library Membership Form Book Recommendation Form Campus Tour Take AdmissionAbout Us Contact Us

CONUEEGENCE OF PROBABILITY (Record no. 36023)

000 -LEADER
fixed length control field 00366nam a22001577a 4500
003 - CONTROL NUMBER IDENTIFIER
control field OSt
005 - DATE AND TIME OF LATEST TRANSACTION
control field 20240322111501.0
008 - FIXED-LENGTH DATA ELEMENTS--GENERAL INFORMATION
fixed length control field 170731b xxu||||| |||| 00| 0 eng d
020 ## - INTERNATIONAL STANDARD BOOK NUMBER
International Standard Book Number 9780471197454
040 ## - CATALOGING SOURCE
Transcribing agency SEROSOFT
100 ## - MAIN ENTRY--PERSONAL NAME
Personal name BILLINGSLSEY
245 ## - TITLE STATEMENT
Title CONUEEGENCE OF PROBABILITY
260 ## - PUBLICATION, DISTRIBUTION, ETC.
Place of publication, distribution, etc. DELHI
Name of publisher, distributor, etc. WILEY INDIA
Date of publication, distribution, etc. 2014
300 ## - PHYSICAL DESCRIPTION
Extent 277
942 ## - ADDED ENTRY ELEMENTS (KOHA)
Source of classification or shelving scheme
Koha item type General Book
Holdings
Withdrawn status Lost status Source of classification or shelving scheme Damaged status Not for loan Home library Current library Date acquired Source of acquisition Coded location qualifier Full call number Barcode Date last seen Price effective from Koha item type Total Checkouts
          IIMT University Central Library Meerut IIMT University Central Library Meerut 07/31/2017 IBD ENGINEERIN R 01-B-122188 07/31/2017 07/31/2017 Reference Book  
          IIMT University Central Library Meerut IIMT University Central Library Meerut 07/31/2017 IBD ENGINEERIN   01-B-122189 07/31/2017 07/31/2017 Reference Book  
          IIMT University Central Library Meerut IIMT University Central Library Meerut 07/31/2017 IBD ENGINEERIN   01-B-122190 07/31/2017 07/31/2017 Book Bank  
          IIMT University Central Library Meerut IIMT University Central Library Meerut 07/31/2017 IBD ENGINEERIN   01-B-122191 07/31/2017 07/31/2017 Book Bank  
          IIMT University Central Library Meerut IIMT University Central Library Meerut 07/31/2017 IBD ENGINEERIN   01-B-122192 07/31/2017 07/31/2017 Book Bank  
IIMT, Central Library. All Rights Reserved IIMT,UNIVERSITY © 2023
Implemented and Customised by I CLOUDE EMS
You Are OPAC Visitor No
free web counter

Powered by Koha